[Event "Senta City-ch"]
[Site "Senta"]
[Date "2020.02.03"]
[Round "4"]
[White "Lorincz, Laszlo V"]
[Black "Farkas, Sandor I"]
[Result "1/2-1/2"]
[WhiteElo "1857"]
[BlackElo "2035"]
[PlyCount "67"]
[EventDate "2020.01.27"]
[EventType "swiss"]
[EventRounds "9"]
[EventCountry "SRB"]
[SourceTitle "CBM 195 Extra"]
[Source "ChessBase"]
[SourceDate "2020.05.31"]
[SourceVersion "1"]
[SourceVersionDate "2020.05.31"]
[SourceQuality "1"]

1. d4 Nf6 2. Bf4 g6 3. Nf3 Bg7 4. e3 0-0 5. Be2 d6 6. Nbd2 Nh5 7. Bg3 c5 8. c3 b6 9. 0-0 Nxg3 10. hxg3 Bb7 11. Nh2 Nd7 12. Bf3 Rb8 13. Qa4 Qc8 14. Bxb7 Qxb7 15. Rab1 b5 16. Qc2 Nf6 17. Rfc1 Rfc8 18. Qd1 a5 19. a3 e5 20. dxe5 dxe5 21. a4 Rd8 22. axb5 Ne4 23. Nhf3 Qxb5 24. Qc2 Nd6 25. b3 Qb7 26. e4 Re8 27. Ra1 Ra8 28. Ra4 Ra6 29. Rca1 Rea8 30. Nh2 Bh6 31. Nhf1 Qc6 32. Qd3 Bxd2 33. Nxd2 Qc7 34. Nc4 1/2-1/2

[Event "Backa Topola-ch"]
[Site "Backa Topola"]
[Date "2019.12.13"]
[Round "9"]
[White "Lorincz, Laszlo V"]
[Black "Kocic, Milorad"]
[Result "1/2-1/2"]
[WhiteElo "1835"]
[BlackElo "1877"]
[PlyCount "69"]
[EventDate "2019.11.25"]
[EventType "swiss"]
[EventRounds "9"]
[EventCountry "SRB"]
[SourceTitle "CBM 193 Extra"]
[Source "ChessBase"]
[SourceDate "2020.01.31"]
[SourceVersion "1"]
[SourceVersionDate "2020.01.31"]
[SourceQuality "1"]

1. d4 d5 2. Nf3 Nf6 3. Bf4 e6 4. e3 Be7 5. Nbd2 Nbd7 6. a3 Nh5 7. Bg3 0-0 8. Bd3 f5 9. Be5 Nhf6 10. c4 c6 11. h3 Ne4 12. Qc2 Qa5 13. Bh2 Bb4 14. Rd1 Be7 15. 0-0 Qd8 16. Ne5 Bg5 17. Nxd7 Bxd7 18. f4 Nxd2 19. Qxd2 Be7 20. c5 b6 21. b4 Qc7 22. Rb1 b5 23. Ra1 Rfb8 24. Ra2 a5 25. Rfa1 a4 26. Qf2 Kh8 27. Kf1 Rg8 28. h4 Qd8 29. g3 Bf6 30. Ke2 Be8 31. Kd2 Bh5 32. Be2 Qe8 33. Rg1 Qg6 34. Bxh5 Qxh5 35. Qe2 1/2-1/2

[Event "Backa Topola-ch"]
[Site "Backa Topola"]
[Date "2019.12.06"]
[Round "6"]
[White "Bicskei, Mihaly"]
[Black "Lorincz, Laszlo V"]
[Result "1/2-1/2"]
[WhiteElo "1928"]
[BlackElo "1835"]
[PlyCount "78"]
[EventDate "2019.11.25"]
[EventType "swiss"]
[EventRounds "9"]
[EventCountry "SRB"]
[SourceTitle "CBM 193 Extra"]
[Source "ChessBase"]
[SourceDate "2020.01.31"]
[SourceVersion "1"]
[SourceVersionDate "2020.01.31"]
[SourceQuality "1"]

1. e4 c5 2. Nf3 d6 3. d4 cxd4 4. Nxd4 Bd7 5. c4 Nc6 6. Be3 Nf6 7. Nc3 a6 8. Be2 e6 9. 0-0 Be7 10. f4 Qc7 11. Rc1 Nxd4 12. Bxd4 e5 13. Be3 Bc6 14. Bf3 Rc8 15. Qd2 0-0 16. Nd5 Bxd5 17. cxd5 Qd7 18. fxe5 dxe5 19. h3 Bd6 20. b3 Rxc1 21. Rxc1 Rc8 22. Rxc8+ Qxc8 23. Qc1 Qxc1+ 24. Bxc1 Kf8 25. Kf1 Ke8 26. Ke2 Kd7 27. Kd3 Kc7 28. a4 b6 29. Kc4 Nd7 30. Bd1 Nf6 31. Kd3 Kd7 32. Bb2 Ke7 33. Bc3 a5 34. g4 Kd8 35. Bc2 Nd7 36. Kc4 Kc7 37. Kb5 f6 38. Bd2 g5 39. Be3 Bb4 1/2-1/2

[Event "Subotica City-ch"]
[Site "Subotica"]
[Date "2019.03.08"]
[Round "6"]
[White "Lorincz, Laszlo V"]
[Black "Korosi, Nandor"]
[Result "1-0"]
[WhiteElo "1839"]
[BlackElo "1630"]
[PlyCount "95"]
[EventDate "2019.02.25"]
[EventType "swiss"]
[EventRounds "9"]
[EventCountry "SRB"]
[SourceTitle "CBM 189 Extra"]
[Source "ChessBase"]
[SourceDate "2019.06.03"]
[SourceVersion "1"]
[SourceVersionDate "2019.06.03"]
[SourceQuality "1"]

1. d4 d5 2. Bf4 e6 3. Nf3 Nc6 4. e3 Bd6 5. Bg5 f6 6. Bh4 Nge7 7. c4 Bb4+ 8. Nbd2 Nf5 9. cxd5 Qxd5 10. Bg3 Nxg3 11. hxg3 e5 12. dxe5 Nxe5 13. Qa4+ Nc6 14. a3 Bxd2+ 15. Nxd2 Bd7 16. Qc2 g6 17. Bd3 f5 18. e4 Qe5 19. Nf3 Qf6 20. 0-0 0-0 21. exf5 Bxf5 22. Bxf5 Qxf5 23. Qb3+ Kg7 24. Qxb7 Na5 25. Qxc7+ Rf7 26. Qe5+ Kg8 27. b4 Qxe5 28. Nxe5 Rf5 29. Nxg6 hxg6 30. bxa5 Rxa5 31. Rfe1 Rb8 32. Re3 Kf7 33. Rc1 Rb7 34. Rec3 Kg7 35. Rc7+ Rxc7 36. Rxc7+ Kh6 37. Rc3 a6 38. Re3 Rc5 39. f4 a5 40. Kf2 Kg7 41. Re5 Rc2+ 42. Kf3 Rc3+ 43. Re3 Rc4 44. g4 Kf7 45. g5 a4 46. g3 Rc2 47. Ke4 Rb2 48. Kd4 1-0

[Event "Subotica City-ch"]
[Site "Subotica"]
[Date "2019.03.01"]
[Round "3"]
[White "Jovanovic, Milan B"]
[Black "Lorincz, Laszlo V"]
[Result "1-0"]
[WhiteElo "2013"]
[BlackElo "1839"]
[PlyCount "79"]
[EventDate "2019.02.25"]
[EventType "swiss"]
[EventRounds "9"]
[EventCountry "SRB"]
[SourceTitle "CBM 189 Extra"]
[Source "ChessBase"]
[SourceDate "2019.06.03"]
[SourceVersion "1"]
[SourceVersionDate "2019.06.03"]
[SourceQuality "1"]

1. f4 d5 2. e3 Nf6 3. b3 e6 4. Bb2 Bc5 5. Nf3 Nc6 6. Bb5 Bd7 7. Qe2 a6 8. Bxc6 Bxc6 9. Ne5 Qe7 10. 0-0 Bd6 11. d3 0-0 12. Nd2 Bxe5 13. Bxe5 Ne8 14. Nf3 f6 15. Bb2 Rf7 16. Rae1 Bd7 17. Kh1 c6 18. e4 dxe4 19. dxe4 Nc7 20. Qf2 Rd8 21. Qb6 Bc8 22. Rd1 Qe8 23. Rxd8 Qxd8 24. e5 f5 25. c4 Rd7 26. Ba3 Ne8 27. Qc5 h6 28. h3 Rd1 29. Qf8+ Kh7 30. Rxd1 Qxd1+ 31. Kh2 Qd7 32. Bd6 b6 33. b4 Bb7 34. c5 b5 35. g4 g6 36. g5 Nxd6 37. Qxh6+ Kg8 38. Qxg6+ Kf8 39. exd6 Bc8 40. Ne5 1-0

[Event "Senta op-B 11th"]
[Site "Senta"]
[Date "2007.07.21"]
[Round "3"]
[White "Lorincz, Laszlo V"]
[Black "Milisavljevic, Mihailo"]
[Result "0-1"]
[WhiteElo "1817"]
[BlackElo "1965"]
[PlyCount "72"]
[EventDate "2007.07.20"]
[EventType "swiss"]
[EventRounds "9"]
[EventCountry "SRB"]
[SourceTitle "EXT 2023"]
[Source "ChessBase"]
[SourceDate "2022.10.05"]
[SourceVersion "1"]
[SourceVersionDate "2022.10.05"]
[SourceQuality "1"]

1. d4 Nf6 2. c4 e6 3. Nc3 Bb4 4. Bd2 0-0 5. e3 b6 6. Be2 Bb7 7. Bf3 d5 8. Nge2 Bd6 9. Qc2 c6 10. cxd5 cxd5 11. Nb5 Nc6 12. Nxd6 Qxd6 13. a3 Rac8 14. Nc3 Ba6 15. Qd1 e5 16. Qa4 Bd3 17. Be2 Bxe2 18. Nxe2 e4 19. h3 Nh5 20. Rc1 f5 21. Nf4 Nxf4 22. exf4 b5 23. Qa6 Qg6 24. 0-0 Qe6 25. Be3 Nxd4 26. Qxe6+ Nxe6 27. Bxa7 d4 28. g3 d3 29. Be3 Rfd8 30. Rfd1 Rxc1 31. Rxc1 Nd4 32. Bxd4 Rxd4 33. Kf1 Kf7 34. Rd1 Rc4 35. Ke1 Ke6 36. Rb1 Kd5 0-1